Time Travel Devices (Sudden Death) - Statistics

General Stats
  • This quiz has been taken 72 times
  • The average score is 5 of 12
Answers on the Grid
Answers color-coded by a green-red scale on the quiz's grid according to % correct below.
DeLorean
The Time Machine
Moving a clocks hand backwards
Phone Booth
Train
Antikythera
Going from one time zone to another
Hot Tub
Time Revolver
Time Turner
The Go Back in Time Machine
A "Time Machine"
Running backwards really fast
TARDIS
Pym Particles
Pam Particles
Cosmic Treadmil
Playing something in reverse
Time Slime's Time Scepter
Daylights savings
 
Answer Stats
Answer % Correct
DeLorean
93%
The Time Machine
81%
Phone Booth
58%
Hot Tub
56%
TARDIS
49%
Train
37%
Pym Particles
30%
A "Time Machine"
28%
Cosmic Treadmil
19%
Time Turner
16%
Antikythera
12%
Time Slime's Time Scepter
12%
No matching quizzes found
Score Distribution
Percent of People with Each Score
Percentile by Number Answered
Your Score History
You have not taken this quiz